1817 1958 1428 1198 1760 1109 1994 1972 1736 1025 1637 1903 1453 1109 1242 1079 1163 1289 1197 1337 1831 1928 1039 1568 1178 1813 1419 1627 1600 1488 1186 1901 1605 1942 1677 1759 1725 1331 1586 1539 1492 1578 1067 1783 1942 1509 1838 1478 1599 1244 1698 1783 1689 1186 1013 1037 1077 1416 1821 1811 1468 1892 1729 1748 1789 1604 1995 1909 1501 1957 1820 1018 1609 1041 1633 1193 1172 1407 1453 1229 1147 1728 1219 1825 1731 1233 1775 1448 1686 1815 1341 1419 1091 1414 1982 1788 1476 1270 1151 BCNSPRNW ULIB Ver.6.0+V

เปลี่ยนเป็นภาษาไทย

Change to English
 แสดงรายละเอียดบรรณานุกรม
  กลับหน้าหลัก

Brief Record : Get Marc (ISO 2709) : E-mail record : QR code < ปิดหน้าต่าง
LEADER : 00000nam 2200000uu 4500
001    13399127450
003     ULIB
008    200526s||||||||th 000 0 tha d
020    ^a9780323677028 (v. 1)
020    ^a9780323677042 (set)
020    ^a9780323677035 (v. 2)
060  4 ^aWY161^bH263L^cVol.1
100 1  ^aHarding, Mariann
245 10 ^aLewis’s medical-surgical nursing V1:^bassessment and management of clinical problems /^cMariann M. Harding ; section editors, Jeffrey Kwong ... [et al.]
246 3  ^aMedical-surgical nursing
250    ^a11th ed.
260    ^aSt. Louis, MO :^bElsevier,^c2020
300    ^a2 v. :^bill. (chiefly col.)
504    ^aIncludes bibliographical references and index
650 12 ^aPerioperative Nursing
650 22 ^aSurgical Procedures, Operative
650 22 ^aNursing Assessment
650 22 ^aNursing Care
700 1  ^aKwong, Jeffrey
700 1  ^aLewis, Sharon Mantik
945    ^p0^l0^i28331
999    ^aกัณชพร จุลอักษร
รายการนี้ยังไม่มีแท็ก
คุณยังไม่ได้ล็อกอิน คุณสามารถมีกิจกรรมร่วมกับเว็บไซต์ได้ แต่ต้องล็อกอินก่อน ::
  ล็อกอิน

รายการสื่อสารสนเทศ

ลำดับที่ ประเภท เลขเรียก/บาร์โค้ด สถานที่ สถานะ
1. หนังสือสำรอง
หนังสือสำรอง
WY161 H263L Vol.1 ฉ.1 
  Barcode: 28331
ห้องสมุดวิทยาเขตนครสวรรค์
►หนังสือทั่วไป:l:General Books
บนชั้น

รายการใกล้เคียง
    ผู้แต่ง [Harding, Mariann]

    หัวเรื่อง [Perioperative Nursing]
    หัวเรื่อง [Surgical Procedures, Operative]
    หัวเรื่อง [Nursing Assessment]
    หัวเรื่อง [Nursing Care]

BibComment


ยังไม่เคยถูกคอมเมนท์

คอมเมนท์ทรัพยากรรายการนี้
  คอมเมนท์: Lewis’s medicals..


 Copyright 2026. Bcnsprnw @Library